Culture Générale - Série 1927 - Statistiques

Statistiques générales
  • Ce quiz a été pris 71 fois
  • Le résultat moyen est 2 sur 10
Statistiques - réponses
Question Réponse % Correct
Quel grand compositeur est né à Bonn (Allemagne) en 1770 ? Ludwig van Beethoven
72%
Quel tennisman allemand s'est illustré dans les années 1980 en remportant notamment six tournois du Grand Chelem ? voir photo Boris Becker
46%
Sous quel nom connaissait-on mieux l'acteur français Constantin Hokhloff (1924-2003) ? Michel Constantin
27%
De quelle plante le gari ou garri est-il une farine qui entre dans la composition de nombreux mets en Afrique de l'Ouest.? manioc
24%
C'est un dieu grec et une ville du bassin d'Arcachon Arès
18%
C'est un format de papier (50 x 65.), qui porte le nom d'un fruit raisin
18%
Qui a réalisé "Les noces rouges" en 1973 avec Michel Piccoli,Stéphane Audran ? Claude Chabrol
15%
Ce fleuve russe était appelé autrefois Tanaïs ? Don
6%
Qui était Eusèbe de Césarée ou Eusèbe Pamphile (265-339) ? évêque
4%
Toile de coton imprimée, utilisée pour l'ameublement chintz
1%
Aucun quiz correspondant
Distribution des résultats
% des personnes avec chaque résultat
Percentile par nombre de réponses
Votre historique - résultats
Vous n’avez pas pris ce quiz